000 00767nam a2200253 i 4500
001 000046592
003 DO-SdBNP
005 20231116093750.0
007 ta
008 150908s1982 dr a r 000 0 spa d
040 _aDO-SdBNP
_bspa
_cBNPHU
_erda
082 _a461
_bR173l
_222
100 1 _aRamírez de Tena, Ligia
_974569
_eautora
245 1 3 _aEl lenguaje al servicio de la comunicación :
_beducación primaria 4o /
_cLigia Ramírez de Tena.
260 _c1980.
264 _aSanto Domingo :
_bDisesa,
_c1980
300 _a128 paginas. :
_bilustraciones ;
_c27 cm.
336 _2rdacontent
_atexto
_btxt
337 _2rdamedia
_asin mediación
_bn
338 _2rdacarrier
_avolumen
_bnc
590 _aInventariado, 2023/DG
910 _aDG
942 _2ddc
_cLBS1
999 _c55514
_d55514